000 00492nam a2200181Ia 4500
005 20250508151255.0
008 008 250505s9999 xx 000 0 eng d
037 _aTextual
040 _aFEDL
_beng
_cFEDL
041 _aeng
_2eng
084 _a808.4, QUI
_qFEDL
100 _aQuiller-Couch Arthur
245 0 _aOn the art of writing
260 _aNew York, USA
_bG P Putnam's Sons
_c1929
300 _avii,302p.
942 _cTEXL
_h808.4, QUI
999 _c1328787
_d1328787